| 000 -LEADER |
| fixed length control field |
00571nam a22001937a 4500 |
| 008 - FIXED-LENGTH DATA ELEMENTS--GENERAL INFORMATION |
| fixed length control field |
151021b xxu||||| |||| 00| 0 eng d |
| 020 ## - INTERNATIONAL STANDARD BOOK NUMBER |
| International Standard Book Number |
0314777873 |
| 020 ## - INTERNATIONAL STANDARD BOOK NUMBER |
| International Standard Book Number |
031477789X (international ed.) |
| 041 0# - LANGUAGE CODE |
| Language code of text/sound track or separate title |
eng |
| 080 ## - UNIVERSAL DECIMAL CLASSIFICATION NUMBER |
| Universal Decimal Classification number |
658.3 |
| 100 1# - Rafti |
| Rafti |
Schuler, Randall S. |
| 245 10 - TITLE STATEMENT |
| Title |
Personnel and human resource management / |
| Statement of responsibility, etc |
Randall S. Schuler. |
| 250 ## - |
| -- |
2nd ed. |
| 260 ## - |
| -- |
St. Paul : |
| -- |
West Pub. Co., |
| -- |
c1984. |
| 300 ## - |
| -- |
xiii, 700 f. : |
| -- |
me il.; |
| -- |
26 cm. |
| 650 #0 - |
| -- |
Menaxhimi i personelit |
| 650 #0 - |
| -- |
Menaxhimi i burimeve njerëzore |
| 942 ## - ADDED ENTRY ELEMENTS (KOHA) |
| Source of classification or shelving scheme |
|
| Item type |
Books |